High-performance C graphics programming for window
| Main Author: | |
|---|---|
| Format: | Book |
| Published: |
New York :
Windcrest ,
1993
|
| Subjects: |
MARC
| LEADER | 00000cam a2200000 7i4500 | ||
|---|---|---|---|
| 001 | 0000007731 | ||
| 002 | 000008301 | ||
| 005 | 20000330.0 | ||
| 020 | |a 0830637907 | ||
| 090 | 0 | 0 | |a 006.66 |b ADA |
| 100 | 1 | |a Adam, Lee | |
| 245 | 1 | 0 | |a High-performance C graphics programming for window |c Lee Adam |
| 260 | |a New York : |b Windcrest , |c 1993 | ||
| 300 | |a 485p. ; |c 23cm. | ||
| 650 | 0 | 0 | |a Computer graphics |
| 999 | |a 053091 |b BUKU |c PINJAMAN |e PERPUSTAKAAN KOMUNITI PETALING JAYA | ||